People Who Appear in the Old Testament - Sudden Death - Statistics

General Stats
  • This quiz has been taken 333 times
  • The average score is 18 of 20
Answers on the Grid
Answers color-coded by a green-red scale on the quiz's grid according to % correct below.
Noah
Abraham
Adam & Eve
Solomon
Goliath
Moses
David
Cain & Abel
Joshua
Jacob & Esau
Deborah
Sarah
Isaac
Rebecca
Esther
Jonah & fish
Aaron
Job
Samson & Delilah
Benjamin
Jesus
Saint Peter
Lazarus
John the Baptist
Saint Paul
Mary Magdalene
Zoroaster
Muhammad
Achilles
Gilgamesh
Joseph & Mary
Aesop
 
Answer Stats
Answer % Correct
Abraham
98%
Adam & Eve
96%
David
96%
Moses
96%
Noah
96%
Solomon
96%
Cain & Abel
95%
Goliath
95%
Isaac
94%
Job
93%
Joshua
92%
Samson & Delilah
92%
Jacob & Esau
91%
Jonah & fish
91%
Sarah
91%
Esther
90%
Aaron
89%
Rebecca
87%
Deborah
85%
Benjamin
83%
No matching quizzes found
Score Distribution
Percent of People with Each Score
Percentile by Number Answered
Your Score History
You have not taken this quiz